=LDR 00000nam 2200000 4500 =001 INLIS000000000046534 =005 20150406115859.0 =006 =007 =008 =035 ##$$0010-041500000000016 =082 ##$$2 372.7 =090 ##$$a 372.7 tim b =100 ##$$a tim =245 ##$$a pocket book matematika =260 ##$$a jakarta =300 ##$$a 250 hlm. , 14,5 cm. =850 ##$$a NPBMAT